Normal view
MARC view
- Muhammad Taha Ali, Usais Tayyab
Entry Personal Name
001 - CONTROL NUMBER
- control field: 93546
003 - CONTROL NUMBER IDENTIFIER
- control field: NUST
005 - DATE AND TIME OF LATEST TRANSACTION
- control field: 20220713194652.0
008 - FIXED-LENGTH DATA ELEMENTS
- fixed length control field: 220713|| aca||aabn | a|a d
040 ## - CATALOGING SOURCE
- Original cataloging agency: NUST
- Transcribing agency: NUST
100 ## - HEADING--PERSONAL NAME
- Personal name: Muhammad Taha Ali, Usais Tayyab
670 ## - SOURCE DATA FOUND
- Source citation: Work cat.: (NUST)11297: Ali Anwar 14922, Wireless Electric Power Transmission, 2012
